| 000 | 00000nas 2200000zi 4500 |
| 001 | 9.876675 |
| 003 | CaOODSP |
| 005 | 20251010152011 |
| 006 | m |o d f |
| 007 | cr ||||||||||| |
| 008 | 190719d20012006nkcar p o f0 a0eng|d |
| 022 | |y1496-497X |
| 040 | |aCaOODSP|beng|erda|cCaOODSP |
| 043 | |an-cn--- |
| 086 | 1 |aA47-8/1E-PDF |
| 245 | 00|aPotato gene resources newsletter / |cPotato Research Centre. |
| 264 | 1|a[Fredericton, N.B.] : |bAgriculture and Agri-Food Canada, Research Branch = Agriculture et agroalimentaire Canada, Direction générale de la recherche, |c[2001-2006] |
| 310 | |aAnnual |
| 336 | |atext|btxt|2rdacontent |
| 337 | |acomputer|bc|2rdamedia |
| 338 | |aonline resource|bcr|2rdacarrier |
| 362 | 1 |aBegan with number 8 (December 2001); ceased with number 13 (2006). |
| 500 | |aIssued also in French under title: Bulletin de la banque de gènes de pomme de terre. |
| 520 | 3 |aProvides information on potato germplasm in the Repository and on issues related to the genetic diversity in the potato. |
| 650 | 0|aPotatoes|xGermplasm resources|zCanada|vPeriodicals. |
| 655 | 7|aPeriodicals|2lcgft |
| 710 | 1 |aCanada. |bAgriculture and Agri-Food Canada. |bResearch Branch. |
| 710 | 2 |aPotato Research Centre (Canada) |
| 775 | 08|tBulletin de la Banque de gènes de pomme de terre / |w(CaOODSP)9.876679 |
| 776 | 0#|tPotato gene resources newsletter / |w(CaOODSP)9.515723 |
| 785 | 00|tPotato gene resources. |w(CaOODSP)9.504603 |